| 000 | 00579nam a2200193 4500 | ||
|---|---|---|---|
| 001 | 145427 | ||
| 003 | ES-MaACL | ||
| 005 | 20251002203605.0 | ||
| 007 | t| | ||
| 008 | 070214s1904 fr r ||||1| fre d | ||
| 100 | 1 |
_aSpencer, Herbert, _d1820-1903 _9107684 |
|
| 245 | 1 | 0 |
_aPrincipes de Biologie / _cHerbert Spencer ; traduit par M. E. Cazelles. |
| 250 | _a5ª. ed. | ||
| 260 |
_aParis : _bFélix Alcan, _c1904. |
||
| 300 |
_a2 v. : _bil. ; _c23 cm. |
||
| 700 | 1 |
_aCazelles, Émile, _d1831-1908 _9126406 |
|
| 852 |
_aES-MaACL _jB-7172-73 |
||
| 999 |
_c145427 _d145427 |
||